• 首页
  • 本馆介绍
  • 公告通知
  • 最新文献
  • 馆藏检索
  • 电子资源
  • 读者导购
  • 参考咨询
  • 我的图书馆
  • 登录
  • 期刊详细显示
  • 现刊情况显示
  • 合订本情况显示
  • 篇目信息显示

期刊信息

  • 表格格式
  • 工作单格式
  • 卡片格式
索取号 
Q5/SHWHX
题名 
ABBS(生物化学与生物物理学报)
作者 
中科院上海生命科学研究院
分册号 
分册名 
出版地 
上海
出版者 
Institute of Biochemistry and Cell Biology,SIBS,CAS in assocition with Oxford university Press
标准刊号 
1672-9145
出版频率 
月刊
中图法分类 
Q5
主题词 
生物化学
电子资源 
000 01017nas0 2200253 45
001 0552754062
005 20170106111530.67
011    @a1672-9145@dCNY25.00(2005)
091    @aCN31-1300/Q
092    @b4-210
100    @a20051129d km y0chiy0120 ea
101 0  @aeng@eeng@geng
200 1  @aABBS(生物化学与生物物理学报)@AABBS(Sheng Wu Hua Xue Yu Sheng Wu Wu Li Xue Bao)@d=Acta Biochimica et Biophysica Sinica@f中科院上海生命科学研究院@FZhong Ke Yuan Shang Hai Sheng Ming Ke Xue Yan Jiu Yuan
210    @a上海@cInstitute of Biochemistry and Cell Biology,SIBS,CAS in assocition with Oxford university Press@e上海@gShanghai Tuyu Printing Co.,Ltd
300    @aWebsite:http://www.abbs.info
312    @a原 生物化学与生物物理学报
326    @a月刊
510    @aActa Biochimica et Biophysica Sinica
531    @aABBS
606 0  @a生物化学
690    @aQ5@v4
711  0 @a中科院上海生命科学研究院@AZhong Ke Yuan Shang Hai Sheng Ming Ke Xue Yan Jiu Yuan
801  0 @aCN@bPFT@c20110926
905    @aTJWY@dQ5@eSHWHX
    
    ABBS(生物化学与生物物理学报)=Acta Biochimica et Biophysica Sinica/中科院上海生命科学研究院.-上海:Institute of Biochemistry and Cell Biology,SIBS,CAS in assocition with Oxford university Press(上海:Shanghai Tuyu Printing Co.,Ltd)
    
    Website:http://www.abbs.info.-←并列题名:Acta Biochimica et Biophysica Sinica
    
    ISSN 1672-9145:CNY25.00(2005)
    
●
相关链接: 在易读查询期刊 在中国知网中查询期刊 在万方数据查询期刊 在维普查询期刊
唐山师范学院图书馆 欢迎您!
大连网信软件有限公司© 版权所有